000 01048nam a2200289 a 4500
001 22038
003 BD-RjUL
005 20211209000747.0
008 140306s1876 enkcf 001 0 eng
035 _a(BD-RjUL)22103
035 _a(OCoLC)3941616
040 _aDLC
_cTKN
_dOCL
_dBD-RjUL
_beng
041 _aeng
082 _a824.8
_bTRL
100 1 _aTrevelyan, George Otto,
_d1838-1928.
_968063
245 1 4 _aThe life and letters of Lord Macaulay /
_cby his nephew George Otto Trevelyan ...
260 _aLondon :
_bLongmans, Green, and Co,
_c1876.
300 _a756 p. :
_bport. ;
_c23 cm
504 _aIncludes index.
600 1 0 _aMacaulay, Thomas Babington Macaulay,
_cBaron,
_d1800-1859.
_959056
650 0 _aHistorians
_zGreat Britain
_vBiography.
_968064
700 1 2 _aMacaulay, Thomas Babington Macaulay,
_cBaron,
_d1800-1859.
_tCorrespondence.
_968065
856 4 1 _3English Faculty Library N52.1[Lif] v.1
_uhttp://purl.ox.ac.uk/uuid/4bfb9f4bde064cc0bd00c8a1a904e7a1
942 _2ddc
_cBK
999 _c22038
_d22038